000 00562nam a22001937a 4500
005 20251108171913.0
008 250721s1992 xx 000 0 ara d
082 1 4 _aط/ق/صاب
100 1 _aصابر، مجدي
245 1 0 _aالغزاة الآليون /
264 1 _aبيروت :
_bدار البحار،
_c1992.
300 _a99ص
490 0 _aسلسلة الخيال العلمي
650 1 7 _aأدب الأطفال
650 1 7 _aالقصص العربية
653 _aناشئون صغار (10-14) سنة
942 _2ddc
_cBK
999 _c65587
_d65587